Sustainability in the Corporate Strategy of European Wellness Hotels as a Generic Approach Based on the UN SDGs and the Experience of the COVID-19 Pandemic an SLR Analysis
Skúmanie, ako možno dosiahnuť a strategicky implementovať ciele udržateľného rozvoja OSN z roku 2015 v obzvlášť energeticky a zdrojovo náročnom wellness a luxusnom hotelovom priemysle.
Gespeichert in:
| 1. Verfasser: | |
|---|---|
| Format: | Buchkapitel |
| Sprache: | Englisch |
| Schlagworte: | |
| Tags: |
Keine Tags, Fügen Sie das erste Tag hinzu!
|
MARC
| LEADER | 00000naa$a2200000$$$4500 | ||
|---|---|---|---|
| 001 | 0306669 | ||
| 005 | 20250128135622.4 | ||
| 041 | 0 | |a eng | |
| 044 | |a SK | ||
| 245 | 1 | 0 | |a Sustainability in the Corporate Strategy of European Wellness Hotels as a Generic Approach Based on the UN SDGs and the Experience of the COVID-19 Pandemic an SLR Analysis |c Maximilian Maas |
| 520 | |a Skúmanie, ako možno dosiahnuť a strategicky implementovať ciele udržateľného rozvoja OSN z roku 2015 v obzvlášť energeticky a zdrojovo náročnom wellness a luxusnom hotelovom priemysle. | ||
| 610 | 2 | 0 | |a udržateľnosť |
| 610 | 2 | 0 | |a ruch cestovný |
| 610 | 2 | 0 | |a rozvoj trvalo udržateľný |
| 610 | 2 | 0 | |a koronavírus |
| 610 | 2 | 0 | |a implementácia |
| 610 | 2 | 0 | |a služby wellnessové |
| 610 | 2 | 0 | |a zdroje energie |
| 100 | 1 | |a Maas, Maximilian, 1988- | |